Project selection and economic appraisal (Бичлэгийн дугаар. 146437)
| 000 -УДИРДЛАГА | |
|---|---|
| Удирдлага | 00699nam a22002537a 4500 |
| 003 - ХЯНАЛТЫН ТОО ТОДОРХОЙЛОГЧ | |
| Код | MN-UlNUM |
| 005 - БИЧИЛТ ХИЙСЭН ОГНОО | |
| Тухайн бичилтийг бичсэн засварласан сүүлийн огноо | 20260311173237.0 |
| 008 - ЕРӨНХИЙ МЭДЭЭЛЭЛ | |
| Ерөнхий мэдээлэл | 260311s1984 nyua b 001 0 eng |
| 020 ## - ISBN | |
| ISBN | 0442216076 |
| -- | 0442216078 |
| 040 ## - БИЧЛЭГ ҮҮСГЭГЧ БАЙГУУЛЛАГА | |
| Бичлэг үүсгэгч номын сангийн код | МУИС-ийн номын сан |
| 084 ## - ББК АНГИЛАЛ | |
| Нэмэлт тусгалт | Нэг сэдэвт бүтээл |
| ББК ангилал | 65.290-2 |
| Зохиогчийн гурван тэмдэгт | S 75 |
| Мэдлэгийн ялгаа | 65 - Эдийн засаг |
| 100 ## - ЗОХИОГЧ | |
| Зохиогчийн нэр | Souder, Wm. E |
| 245 ## - ҮНДСЭН ГАРЧИГ | |
| Номын нэр | Project selection and economic appraisal |
| 260 ## - ГАРАЛТЫН МЭДЭЭ | |
| Хэвлэгдсэн газар | New York |
| Хэвлэлийн газар | Van Nostrand Reinhold Co |
| Хэвлэгдсэн он | 1984 |
| 300 ## - МАТЕРИАЛЫН ТОДОРХОЙЛОЛТ | |
| хуудасны тоо | xvii, 190 p. : |
| Бусад тоон мэдээлэл | ill. ; |
| Хэмжээ | 24 cm |
| 500 ## - Тайлбар | |
| Дансны дугаар | БС 4453 |
| 546 ## - ХЭЛНИЙ ТУХАЙ МЭДЭЭ | |
| Хэл | Англи хэл дээр, |
| 653 ## - Түлхүүр үг | |
| Түлхүүр үг | project management |
| 653 ## - Түлхүүр үг | |
| Түлхүүр үг | research |
| 653 ## - Түлхүүр үг | |
| Түлхүүр үг | industrial |
| 942 ## - ЭЛЕМЕНТИЙН ТӨРӨЛ | |
| Зүйлийн төрөл | Ном |
